000 00236nam a22000857a 4500
008 160704b xxu||||| |||| 00| 0 eng d
100 _92061
_a Valliappa, A
245 _aThe Story of Our Rivers
260 _aNew Delhi
_bNational Book Trust
_c1973
999 _c1758
_d1758